[Event "Omsk op"]
[Site "Omsk"]
[Date "2013.09.14"]
[Round "5"]
[White "Aitkulov, Sin"]
[Black "Ledovskih, Viktor"]
[Result "1-0"]
[WhiteElo "1724"]
[BlackElo "1801"]
[PlyCount "101"]
[EventDate "2013.09.10"]
[EventType "swiss"]
[EventRounds "9"]
[EventCountry "RUS"]
[SourceTitle "CBM 156 Extra"]
[Source "ChessBase"]
[SourceDate "2013.10.22"]
[SourceVersion "1"]
[SourceVersionDate "2013.10.22"]
[SourceQuality "1"]

1. e4 d6 2. d4 Nf6 3. Nc3 b6 4. Bc4 Bb7 5. f3 e6 6. Bg5 h6 7. Bh4 Be7 8. Bg3 Nh5 9. Bf2 Nf4 10. Bf1 Nd7 11. g3 Ng6 12. Qd2 c5 13. d5 e5 14. Nge2 a6 15. a4 0-0 16. f4 exf4 17. gxf4 Bh4 18. Ng3 Qf6 19. Be3 Qe7 20. Kd1 Qd8 21. Nf5 Be7 22. Rg1 Kh7 23. Nxg7 Kxg7 24. f5 Rh8 25. fxg6 fxg6 26. Qg2 Ne5 27. Ne2 Bc8 28. h3 Bd7 29. Nf4 g5 30. Ra3 b5 31. Bd2 Kh7 32. Ne6 Bxe6 33. dxe6 b4 34. Rg3 Rg8 35. h4 g4 36. Bf4 h5 37. Bxe5 dxe5+ 38. Rd3 Qf8 39. Rd7 Qf6 40. Bc4 Rad8 41. Rf1 Rxd7+ 42. exd7 Qd6+ 43. Qd2 Qxd2+ 44. Kxd2 Rg7 45. Bxa6 Bxh4 46. Bb5 g3 47. Rg1 Bg5+ 48. Ke2 Bd8 49. Kf3 Kh6 50. Rxg3 Rxg3+ 51. Kxg3 1-0

[Event "Omsk-ch"]
[Site "Omsk"]
[Date "2011.11.22"]
[Round "7"]
[White "Borisov, Sergey M"]
[Black "Ledovskih, Viktor"]
[Result "1-0"]
[WhiteElo "2071"]
[BlackElo "1697"]
[PlyCount "61"]
[EventDate "2011.11.13"]
[EventType "swiss"]
[EventRounds "9"]
[EventCountry "RUS"]
[SourceTitle "EXT 2013"]
[Source "ChessBase"]
[SourceDate "2012.11.22"]
[SourceVersion "1"]
[SourceVersionDate "2012.11.22"]
[SourceQuality "1"]

1. d4 e6 2. Nf3 Nf6 3. Bg5 Be7 4. Nbd2 d5 5. e3 Nbd7 6. Bd3 b6 7. 0-0 c5 8. c3 0-0 9. Ne5 Nxe5 10. dxe5 Nd7 11. Bxe7 Qxe7 12. f4 f5 13. exf6 Nxf6 14. e4 c4 15. Bc2 Qc5+ 16. Kh1 Bb7 17. e5 Ne4 18. Nxe4 dxe4 19. Qe2 e3 20. Qh5 Rf5 21. Bxf5 exf5 22. Qe2 Rd8 23. Rad1 Rxd1 24. Rxd1 Bd5 25. Rd4 Qc6 26. h3 g6 27. Kh2 b5 28. Qxe3 Kg7 29. Qd2 Be4 30. Rd6 Qc5 31. Qe1 1-0

[Event "Omsk-ch"]
[Site "Omsk"]
[Date "2011.11.19"]
[Round "5"]
[White "Ledovskih, Viktor"]
[Black "Silchenko, Stepan"]
[Result "1-0"]
[WhiteElo "1697"]
[BlackElo "1644"]
[PlyCount "25"]
[EventDate "2011.11.13"]
[EventType "swiss"]
[EventRounds "9"]
[EventCountry "RUS"]
[SourceTitle "EXT 2013"]
[Source "ChessBase"]
[SourceDate "2012.11.22"]
[SourceVersion "1"]
[SourceVersionDate "2012.11.22"]
[SourceQuality "1"]

1. Nf3 c5 2. c4 Nc6 3. Nc3 Nf6 4. e3 e5 5. Nd5 d6 6. Nc3 Be7 7. Be2 h6 8. e4 Be6 9. a3 0-0 10. 0-0 Nh7 11. Nd5 f5 12. Qc2 Bg5 13. b4 1-0

[Event "Omsk CC-ch sf"]
[Site "Omsk"]
[Date "2011.07.01"]
[Round "9"]
[White "Ledovskih, Viktor"]
[Black "Toroshina, Muza"]
[Result "1-0"]
[WhiteElo "1731"]
[BlackElo "1824"]
[PlyCount "37"]
[EventDate "2011.06.20"]
[EventType "swiss"]
[EventRounds "11"]
[EventCountry "RUS"]
[SourceTitle "EXT 2023"]
[Source "ChessBase"]
[SourceDate "2022.10.05"]
[SourceVersion "1"]
[SourceVersionDate "2022.10.05"]
[SourceQuality "1"]

1. d4 Nf6 2. c4 g6 3. Nc3 Bg7 4. e4 d6 5. f4 Nbd7 6. Nf3 c5 7. d5 Nb6 8. Be2 e6 9. 0-0 0-0 10. h3 Nh5 11. Kh2 exd5 12. cxd5 Re8 13. Qc2 f5 14. e5 dxe5 15. fxe5 Rxe5 16. Nxe5 Bxe5+ 17. Kh1 Ng3+ 18. Kg1 Nxf1 19. Kxf1 1-0

[Event "Omsk CC-ch sf"]
[Site "Omsk"]
[Date "2011.06.26"]
[Round "5"]
[White "Ledovskih, Viktor"]
[Black "Golovko, Evgenij"]
[Result "0-1"]
[WhiteElo "1731"]
[BlackElo "2215"]
[PlyCount "50"]
[EventDate "2011.06.20"]
[EventType "swiss"]
[EventRounds "11"]
[EventCountry "RUS"]
[SourceTitle "EXT 2023"]
[Source "ChessBase"]
[SourceDate "2022.10.05"]
[SourceVersion "1"]
[SourceVersionDate "2022.10.05"]
[SourceQuality "1"]

1. d4 g6 2. c4 Bg7 3. Nc3 d6 4. e4 Nc6 5. Be3 Nf6 6. f4 Ng4 7. Qd2 Nxe3 8. Qxe3 Bxd4 9. Qd2 Bg7 10. Nf3 e5 11. Nd5 exf4 12. Nxf4 0-0 13. Bd3 Bg4 14. 0-0 a5 15. h3 Bd7 16. Nd5 Ne5 17. Nxe5 Bxe5 18. Rf3 c6 19. Nc3 a4 20. Raf1 Be6 21. Kh1 Qa5 22. R1f2 a3 23. Nd1 axb2 24. Nxb2 Qxd2 25. Rxd2 Rxa2 0-1

[Event "Omsk CC-ch sf"]
[Site "Omsk"]
[Date "2010.08.07"]
[Round "4"]
[White "Feofanov, Alexander"]
[Black "Ledovskih, Viktor"]
[Result "0-1"]
[WhiteElo "1775"]
[BlackElo "1680"]
[PlyCount "24"]
[EventDate "2010.08.01"]
[EventType "swiss"]
[EventRounds "9"]
[EventCountry "RUS"]
[SourceTitle "EXT 2012"]
[Source "ChessBase"]
[SourceDate "2011.11.24"]
[SourceVersion "1"]
[SourceVersionDate "2011.11.24"]
[SourceQuality "1"]

1. b4 e5 2. a3 d5 3. Bb2 f5 4. e3 Nf6 5. c4 c6 6. Nc3 Nbd7 7. Nf3 Bd6 8. d4 b6 9. Be2 exd4 10. Qxd4 c5 11. Qd2 0-0 12. 0-0 h6 0-1

[Event "Omsk-ch"]
[Site "Omsk"]
[Date "2010.03.10"]
[Round "11"]
[White "Ledovskih, Viktor"]
[Black "Petrenko, Andrey"]
[Result "0-1"]
[WhiteElo "1680"]
[BlackElo "1825"]
[PlyCount "66"]
[EventDate "2010.02.20"]
[EventType "swiss"]
[EventRounds "11"]
[EventCountry "RUS"]
[SourceTitle "CBM 135 Extra"]
[Source "ChessBase"]
[SourceDate "2010.05.04"]
[SourceVersion "1"]
[SourceVersionDate "2010.05.04"]
[SourceQuality "1"]

1. d4 Nf6 2. c4 c5 3. e3 e6 4. Nc3 Na6 5. Nf3 b6 6. Be2 Nc7 7. 0-0 Bb7 8. b3 d5 9. cxd5 exd5 10. Bb2 Bd6 11. Nb5 0-0 12. Nxd6 Qxd6 13. dxc5 bxc5 14. Rc1 Rac8 15. Be5 Qe7 16. Bxf6 gxf6 17. Qc2 Ne6 18. Qf5 Ng7 19. Qh3 Qe6 20. Qh6 Ba6 21. Bxa6 Qxa6 22. Ng5 Qd3 23. Qxf6 c4 24. Rfd1 cxb3 25. axb3 Qxb3 26. Rb1 Qc2 27. Qd4 Ne6 28. Qg4 Qg6 29. Nxh7 Kxh7 30. Qh4+ Kg7 31. Rb4 Rh8 32. Qg4 Qxg4 33. Rxg4+ Kf6 0-1

[Event "Omsk-ch"]
[Site "Omsk"]
[Date "2010.02.28"]
[Round "6"]
[White "Ledovskih, Viktor"]
[Black "Eprikov, Ivan"]
[Result "1-0"]
[WhiteElo "1680"]
[BlackElo "1764"]
[PlyCount "23"]
[EventDate "2010.02.20"]
[EventType "swiss"]
[EventRounds "11"]
[EventCountry "RUS"]
[SourceTitle "CBM 135 Extra"]
[Source "ChessBase"]
[SourceDate "2010.05.04"]
[SourceVersion "1"]
[SourceVersionDate "2010.05.04"]
[SourceQuality "1"]

1. d4 d5 2. c4 c6 3. Nc3 Nf6 4. Bg5 dxc4 5. a4 Bf5 6. e3 e6 7. Bxc4 Be7 8. Nf3 0-0 9. 0-0 Nbd7 10. Re1 Nb6 11. Be2 h6 12. Bh4 1-0

[Event "Omsk-ch"]
[Site "Omsk"]
[Date "2010.02.27"]
[Round "5"]
[White "Dudko, Gennady"]
[Black "Ledovskih, Viktor"]
[Result "1-0"]
[WhiteElo "1853"]
[BlackElo "1680"]
[PlyCount "37"]
[EventDate "2010.02.20"]
[EventType "swiss"]
[EventRounds "11"]
[EventCountry "RUS"]
[SourceTitle "CBM 135 Extra"]
[Source "ChessBase"]
[SourceDate "2010.05.04"]
[SourceVersion "1"]
[SourceVersionDate "2010.05.04"]
[SourceQuality "1"]

1. Nf3 b6 2. b4 e6 3. Bb2 Nf6 4. a3 Bb7 5. e3 d5 6. c4 c6 7. Be2 Nbd7 8. 0-0 Rc8 9. d4 Ba6 10. Nbd2 Bb7 11. Re1 Bd6 12. Bd3 Bb8 13. Qb1 0-0 14. Ne5 h6 15. Ndf3 Nxe5 16. Nxe5 Nd7 17. f4 f6 18. Rf1 Nxe5 19. fxe5 1-0

[Event "Omsk-ch"]
[Site "Omsk"]
[Date "2010.02.21"]
[Round "2"]
[White "Vorvul, Sergey"]
[Black "Ledovskih, Viktor"]
[Result "1/2-1/2"]
[WhiteElo "1955"]
[BlackElo "1680"]
[PlyCount "60"]
[EventDate "2010.02.20"]
[EventType "swiss"]
[EventRounds "11"]
[EventCountry "RUS"]
[SourceTitle "CBM 135 Extra"]
[Source "ChessBase"]
[SourceDate "2010.05.04"]
[SourceVersion "1"]
[SourceVersionDate "2010.05.04"]
[SourceQuality "1"]

1. e4 e6 2. Nc3 d5 3. Nf3 Nf6 4. e5 Nfd7 5. d4 a6 6. Bg5 Be7 7. h4 c5 8. Ne2 Nc6 9. c3 cxd4 10. cxd4 Qa5+ 11. Bd2 Bb4 12. a3 Bxd2+ 13. Qxd2 Nb6 14. Nc3 Nc4 15. Bxc4 dxc4 16. Ne4 Qxd2+ 17. Kxd2 b5 18. a4 Na5 19. Kc3 0-0 20. axb5 Nb3 21. Ra3 Bb7 22. Nd6 Bxf3 23. gxf3 axb5 24. Nxb5 Rab8 25. Nd6 f6 26. Nxc4 fxe5 27. Nxe5 Rfc8+ 28. Nc4 Nd2 29. b3 Nxf3 30. Rh3 Rf8 1/2-1/2

[Event "Omsk-ch op"]
[Site "Omsk"]
[Date "2009.02.25"]
[Round "10"]
[White "Ledovskih, Viktor"]
[Black "Mikhailovsky, Viktor"]
[Result "1/2-1/2"]
[WhiteElo "1612"]
[BlackElo "2031"]
[PlyCount "40"]
[EventDate "2009.02.12"]
[EventType "swiss"]
[EventRounds "11"]
[EventCountry "RUS"]
[SourceTitle "CBM 129 Extra"]
[Source "ChessBase"]
[SourceDate "2009.05.05"]
[SourceVersion "2"]
[SourceVersionDate "2009.05.20"]
[SourceQuality "1"]

1. d4 d5 2. c4 Nf6 3. Nc3 g6 4. Nf3 Bg7 5. cxd5 Nxd5 6. e4 Nxc3 7. bxc3 c5 8. Bb5+ Nc6 9. Bxc6+ bxc6 10. Qa4 cxd4 11. cxd4 0-0 12. 0-0 c5 13. Be3 Bg4 14. Ne5 cxd4 15. Bxd4 Bxe5 16. Bxe5 Qd3 17. f3 Bd7 18. Qd4 Qxd4+ 19. Bxd4 f6 20. Bc5 Kf7 1/2-1/2

[Event "Omsk Half CC op"]
[Site "Omsk"]
[Date "2009.??.??"]
[Round "3"]
[White "Ledovskih, Viktor"]
[Black "Bereziy, Petr"]
[Result "0-1"]
[WhiteElo "1612"]
[BlackElo "1768"]
[PlyCount "96"]
[EventDate "2009.??.??"]
[EventType "swiss"]
[EventRounds "9"]
[EventCountry "RUS"]
[SourceTitle "EXT 2011"]
[Source "ChessBase"]
[SourceDate "2010.11.26"]
[SourceVersion "1"]
[SourceVersionDate "2010.11.26"]
[SourceQuality "1"]

1. d4 d6 2. c4 Nf6 3. Nc3 c6 4. Bg5 Nbd7 5. Nf3 Qa5 6. Qc2 e5 7. dxe5 dxe5 8. Bd2 Qc7 9. Ne4 Be7 10. Bc3 0-0 11. e3 Nxe4 12. Qxe4 f5 13. Qc2 b6 14. a3 Bb7 15. Be2 c5 16. 0-0 e4 17. Ne1 Bf6 18. g3 Ne5 19. Ng2 Nf3+ 20. Kh1 Bxc3 21. Qxc3 Rad8 22. Rad1 Qe5 23. Qxe5 Nxe5 24. Nf4 Nd3 25. Bxd3 exd3+ 26. Kg1 d2 27. Ne6 Bf3 28. Nxd8 Rxd8 29. h3 Kf7 30. Kh2 Kf6 31. g4 fxg4 32. hxg4 Bxg4 33. Kg3 Be2 34. f3 Rd3 35. Kf2 Bxd1 36. Rxd1 h5 37. Ke2 Rd8 38. Rxd2 Rxd2+ 39. Kxd2 Kg5 40. Ke2 Kh4 41. Kf2 g5 42. e4 g4 43. f4 Kh3 44. e5 Kh2 45. e6 g3+ 46. Kf3 g2 47. e7 g1Q 48. e8Q Qf1+ 0-1

[Event "Omsk Half CC-ch"]
[Site "Omsk"]
[Date "2009.??.??"]
[Round "5"]
[White "Ledovskih, Viktor"]
[Black "Savostjanov, Igor"]
[Result "0-1"]
[WhiteElo "1612"]
[BlackElo "2120"]
[PlyCount "58"]
[EventDate "2009.??.??"]
[EventType "swiss"]
[EventRounds "9"]
[EventCountry "RUS"]
[SourceTitle "EXT 2011"]
[Source "ChessBase"]
[SourceDate "2010.11.26"]
[SourceVersion "1"]
[SourceVersionDate "2010.11.26"]
[SourceQuality "1"]

1. d4 Nf6 2. c4 e6 3. Nc3 d5 4. Bg5 c5 5. e3 cxd4 6. exd4 Be7 7. Nf3 Nc6 8. Bd3 dxc4 9. Bxc4 0-0 10. 0-0 a6 11. a3 b5 12. Bd3 Bb7 13. h3 h6 14. Be3 b4 15. Ne4 Qd5 16. Nxf6+ Bxf6 17. Be2 Rfd8 18. axb4 Nxd4 19. Bxd4 Bxd4 20. Nxd4 Qxd4 21. Qxd4 Rxd4 22. b5 axb5 23. Rxa8+ Bxa8 24. Bxb5 Rb4 25. Bd3 Rxb2 26. Rc1 Bb7 27. Rb1 Rxb1+ 28. Bxb1 Bd5 29. f3 f5 0-1

[Event "Omsk Half CC-ch"]
[Site "Omsk"]
[Date "2009.??.??"]
[Round "8"]
[White "Vorvul, Sergey"]
[Black "Ledovskih, Viktor"]
[Result "1/2-1/2"]
[WhiteElo "1980"]
[BlackElo "1612"]
[PlyCount "74"]
[EventDate "2009.??.??"]
[EventType "swiss"]
[EventRounds "9"]
[EventCountry "RUS"]
[SourceTitle "EXT 2011"]
[Source "ChessBase"]
[SourceDate "2010.11.26"]
[SourceVersion "1"]
[SourceVersionDate "2010.11.26"]
[SourceQuality "1"]

1. e4 e6 2. d4 d5 3. e5 c5 4. c3 Nc6 5. f4 cxd4 6. cxd4 Bb4+ 7. Nc3 Nge7 8. a3 Bxc3+ 9. bxc3 a6 10. Bd3 b5 11. Nf3 Bb7 12. 0-0 Na5 13. a4 Nc4 14. g4 g6 15. Kf2 Bc6 16. Bc2 h5 17. h3 hxg4 18. hxg4 bxa4 19. Bxa4 Bxa4 20. Qxa4+ Qd7 21. Kg3 Qxa4 22. Rxa4 a5 23. Nd2 Nxd2 24. Bxd2 Nc6 25. c4 dxc4 26. Rxc4 Kd7 27. Rfc1 Rhc8 28. f5 gxf5 29. gxf5 exf5 30. Kf4 Ne7 31. Rxc8 Rxc8 32. Rxc8 Kxc8 33. Bxa5 Kd7 34. Kg5 Ke6 35. Bc3 Nd5 36. Bd2 Ne7 37. Bc3 Nd5 1/2-1/2